| 000 | 00373nam a2200133Ia 4500 | ||
|---|---|---|---|
| 008 | 260210s9999 xx 000 0 und d | ||
| 024 | _a11B-127-BS | ||
| 082 | _a004.9072 FAR | ||
| 100 | _aFarwa Habib | ||
| 245 | 0 | _aEnterprise Content Management System (ECMS) | |
| 260 |
_aKarachi: _bUITU, _c2011 |
||
| 600 | _aComputer Science | ||
| 650 | _aBachelor of Computer Science (BS) | ||
| 999 |
_c32348 _d32348 |
||